| 000 | 01866nam a22003737a 4500 | ||
|---|---|---|---|
| 005 | 20240530110602.0 | ||
| 008 | 160921s2010 ua f 00| 0 ara d | ||
| 017 |
_a 2010/22433 (ج 1 ) _bمصر . دار الكتب المصرية |
||
| 017 |
_a 2010/22434 (ج 2 ) _bمصر . دار الكتب المصرية |
||
| 017 |
_a 2010/22435 (ج 3 ) _bمصر . دار الكتب المصرية |
||
| 017 |
_a 2010/22436 (ج 4 ) _bمصر . دار الكتب المصرية |
||
| 017 |
_a 2010/22437 (ج 5 ) _bمصر . دار الكتب المصرية |
||
| 020 | _a9789774217103 ( ج 1 ) | ||
| 020 | _a9789774217110 ( ج 2 ) | ||
| 020 | _a9789774217127 ( ج 3 ) | ||
| 020 | _a9789774217134 ( ج 4 ) | ||
| 020 | _a9789774217141 ( ج 5 ) | ||
| 040 | _aEG-CaGPL | ||
| 082 | 0 | 4 |
_221 _a928.1\ _bم أ |
| 245 | 0 | 2 |
_aالاعمال الكاملة لرفاعة رافع الطهطاوى . _nالجزء الاول ، _pالتمدن و الحضارة و العمران / _cدراسة و تحقيق محمد عمارة |
| 260 |
_aالقاهرة : _bدار الشروق ، _c2010 . |
||
| 300 |
_a5 ج. ؛ _c24 سم |
||
| 490 | 0 | _aسلسلة التراث | |
| 500 | _aالجزء الثانى : السياسة و الوطنية و التربية ؛ الجزء الثالث : تاريخ مصر و العرب قبل الاسلام ؛ الجزء الرابع : سيرة الرسول و تاسيس الدولة الاسلامية ؛ الجزء الخامس : فى الدين و اللغة و الادب . | ||
| 600 | 0 | 4 | _aرفاعة الطهطاوى |
| 650 | 0 | 4 | _aالادب العربى |
| 650 | 0 | 4 | _aاللغة العربية |
| 650 | 0 | 4 | _aالتاريخ الاسلامى |
| 650 | 0 | 4 |
_aالاحوال السياسية _xتاريخ _zمصر |
| 650 | 0 | 4 | _aالحضارة |
| 651 | 0 | 4 |
_aمصر _xتاريخ |
| 700 | 0 |
_aمحمد عمارة _eمحقق |
|
| 942 |
_2ddc _cBK |
||
| 999 |
_c62681 _d62681 |
||